8 Planets in 15 Seconds - Statistics

General Stats
  • This quiz has been taken 38 times
  • The average score is 6 of 8
Answer Stats
Answer % Correct
Earth
96%
Mars
92%
Venus
88%
Saturn
80%
Jupiter
72%
Mercury
72%
Neptune
72%
Uranus
72%
No matching quizzes found
Score Distribution
Percent of People with Each Score
Percentile by Number Answered
Your Score History
You have not taken this quiz